Ensayo de reconstrucción del título IX del edicto perpetuo: de calumniatoribus
Uloženo v:
| Hlavní autor: | |
|---|---|
| Médium: | Kniha |
| Jazyk: | španělština |
| Vydáno: |
Santiago de Compostela
Universidad de Santiago de Compostela
1994
|
| Edice: | Monografías da Universidade de Santiago de Compostela, 182
|
| Témata: | |
| Tagy: |
Přidat tag
Žádné tagy, Buďte první, kdo vytvoří štítek k tomuto záznamu!
|
MARC
| LEADER | 00000nam a2200000 a 4500 | ||
|---|---|---|---|
| 001 | UCR1665 | ||
| 003 | CL-VaPUC | ||
| 008 | 971219e19940000SP |||||||||||||||||spa|d | ||
| 082 | 0 | 4 | |a 340.54 |b GAR |2 21 |
| 100 | |a García Camiñas, Julio |e autor |9 569942 | ||
| 245 | 1 | 0 | |a Ensayo de reconstrucción del título IX del edicto perpetuo: de calumniatoribus |
| 300 | |a 136 p | ||
| 942 | |c BK | ||
| 945 | |d 19971219 00:00:00 |a aolguin | ||
| 260 | |a Santiago de Compostela |b Universidad de Santiago de Compostela |c 1994 | ||
| 650 | 0 | |a Derecho romano |9 255930 | |
| 650 | 7 | |a DOLO |2 CL-VaPUC |9 398988 | |
| 650 | 0 | |a Delitos |9 224143 | |
| 650 | 0 | |a Derecho pretorio |9 397582 | |
| 650 | 7 | |a EDICTOS |2 CL-VaPUC |9 398305 | |
| 650 | 0 | |a Relación jurídica |9 381220 | |
| 650 | 0 | |a Negocio jurídico |9 258242 | |
| 650 | 7 | |a PARTES EN EL PROCESO |2 CL-VaPUC |9 384962 | |
| 650 | 0 | |a Proceso judicial |9 258564 | |
| 650 | 0 | |a Actos procesales |9 336544 | |
| 650 | 7 | |a CALUMNIA |2 CL-VaPUC |9 368471 | |
| 650 | 0 | |a Jurisdicción |9 255090 | |
| 583 | |a last modification |c 19971219 00:00:00 |k Rodrigo Vera | ||
| 490 | 0 | |a Monografías da Universidade de Santiago de Compostela, 182 | |
| 999 | |c 265032 |d 265030 | ||
| 952 | |0 0 |1 0 |4 0 |6 340_540000000000000_GAR_1994 |7 0 |8 DER_ROM |9 295810 |a BIBDER |b BIBDER |d 2019-11-20 |i 1918060 |o 340.54 GAR 1994 |p 1918060 |r 2023-01-25 |w 2019-11-20 |x Ubicación 4to piso |y BK |z Este recurso debe solicitarse con anticipación |k DER | ||